| 000 | 00891cam a22002534a 4500 | ||
|---|---|---|---|
| 999 |
_c331740 _d331740 |
||
| 001 | 9475448 | ||
| 003 | NUST | ||
| 005 | 20171023123238.0 | ||
| 008 | 891207s1973 pk af b 001 0 urdo | ||
| 010 | _a 73930380 | ||
| 035 | _a(OCoLC)20748024 | ||
| 040 |
_aDLC _cDLC |
||
| 043 | _aa-ii--- | ||
| 050 | 0 | 0 |
_aPK2199.I65 _bZ868 1973 |
| 082 |
_a891.431 _bSAH |
||
| 100 | 0 |
_aṢahbā Lakhnavī, _d1919-2002. _95567 |
|
| 245 | 1 | 0 |
_aIqbāl aur Bhūpāl / _cṢahbā Lakhnavī. |
| 260 |
_aLahore : _bIqbāl Akādmī, Pākistān, _c2000. |
||
| 300 |
_a408 p., [8] p. of plates : _bill. ; _c25 cm. |
||
| 504 | _aIncludes bibliographical references (p. 301-302) and index. | ||
| 546 | _aIn Urdu. | ||
| 600 | 1 | 0 |
_aIqbal, Muhammad, _cSir, _d1877-1938. _920 |
| 651 | 0 |
_aBhopal (Princely State) _xHistory. _95568 |
|
| 880 |
_6100-01\(3\r _aصہبا لکھنوی |
||
| 880 |
_6245-02\(3\r _aاقبال اور بھوپال _cصہبا لکھنوی |
||
| 880 |
_6260-03\(3\r _aلاہور: _bاقبال اکیڈیمی پاکستان، _c2000 |
||
| 906 |
_a7 _bcbc _cpremver _d1 _encip _f19 _gy-gencatlg |
||
| 942 |
_2ddc _cBK |
||